1010 1704 1944 1651 1598 1248 1717 1182 1259 1340 1630 1946 1693 1004 1955 1853 1009 1879 1150 1747 1357 1845 1408 1802 1584 1537 1346 1781 1008 1063 1182 1929 1473 1144 1335 1372 1887 1766 1243 1962 1709 1041 1981 1093 1608 1952 1072 1982 1686 1168 1017 1714 1758 1198 1048 1829 1658 1812 1694 1627 1061 1091 1458 1680 1199 1166 1389 1120 1360 1148 1478 1165 1849 1774 1883 1844 1979 1078 1008 1581 1606 1425 1626 1142 1865 1394 1268 1479 1537 1659 1653 1363 1438 1067 1199 1655 1394 1802 1627 BCNSPRNW ULIB Ver.6.0+V

เปลี่ยนเป็นภาษาไทย

Change to English
 แสดงรายละเอียดบรรณานุกรม
  กลับหน้าหลัก

Brief Record : Get Marc (ISO 2709) : E-mail record : QR code < ปิดหน้าต่าง
LEADER : 00000nam 2200000uu 4500
001    13399112250
003     ULIB
008    110802s2554||||th 000 0 tha d
020    9786165082013
090    นว.^bร935ค 2554
100 0  โรบิน คุก
245 00 คำสาปสฟิงซ์/^cโรบิน คุก, เขียน นิดา, แปล
260    กรุงเทพฯ:^bแสงดาว, ^c2554
300    343 หน้า
945    ^p260^l0^i18468
995    เกษร
999 ^a ใช้งานได้ทุกระบบ
รายการนี้ยังไม่มีแท็ก
คุณยังไม่ได้ล็อกอิน คุณสามารถมีกิจกรรมร่วมกับเว็บไซต์ได้ แต่ต้องล็อกอินก่อน ::
  ล็อกอิน

รายการสื่อสารสนเทศ

ลำดับที่ ประเภท เลขเรียก/บาร์โค้ด สถานที่ สถานะ
1. วิทยาศาสตร์การแพทย์ และสุขภาพ
วิทยาศาสตร์การแพทย์ และสุขภาพ
สถานะ=หาย
นว. ร935ค 2554  
  Barcode: 18468
ห้องสมุดวิทยาเขตสวรรค์ประชารักษ์
►นวนิยาย
บนชั้น
  ขอยืม

BibComment


ยังไม่เคยถูกคอมเมนท์

คอมเมนท์ทรัพยากรรายการนี้
  คอมเมนท์: คำสาปสฟิงซ์ โรบิน..


 Copyright 2026. Bcnsprnw @Library